000 00591nam a22001937a 4500
005 20171031123833.0
010 _aENG-121157
020 _a9788174467287
_c450.00
035 _aEN-104689
037 _bDBAD/PUB
082 _a362.10688
100 _aRamanujam, P.G.
245 _aMarketing of healthcare services /
_cby P.G. Ramanujam
260 _aNew Delhi
_bExcel Books
_c2009
270 _aA-45, Naraina, Phase-I
_bNew Delhi
_e110028
300 _axiii,308p.
_c24cm(pbk)
_bill.
500 _aincludes bibliographical references
942 _2ddc
_cEN
_h362.10688
_mRAM
999 _c147032
_d147032